[Event "C.to Provinciale CS"]
[Site "Aieta ITA"]
[Date "2009.04.10"]
[Round "2"]
[White "Rizzuti, Pasquale"]
[Black "Ielapi, Vito"]
[Result "0-1"]
[WhiteElo "1814"]
[BlackElo "1911"]
[PlyCount "114"]
[EventDate "2009.04.09"]

1. g3 d5 2. Bg2 Nf6 3. Nf3 e6 4. c4 c6 5. b3 Bd6 6. Bb2 Nbd7 7. d4 O-O 8. O-O
Re8 9. c5 Bc7 10. Nbd2 e5 11. dxe5 Nxe5 12. Nxe5 Bxe5 13. Bxe5 Rxe5 14. Nf3 Re7
15. e3 Qa5 16. Qc1 Ne4 17. Nd4 Nxc5 18. Qc2 Ne4 19. Rfc1 Bd7 20. b4 Qd8 21. Rd1
a6 22. a3 Qc8 23. Rac1 Bh3 24. Bh1 Qd7 25. Nb3 Qf5 26. Nd4 Qf6 27. Re1 Rae8 28.
Red1 h5 29. Re1 Ng5 30. Qd3 Bg4 31. f4 Nh3+ 32. Kg2 h4 33. Nf3 Bxf3+ 34. Kxf3
Ng5+ 35. Kf2 Ne4+ 36. Bxe4 Rxe4 37. Re2 d4 38. Rce1 dxe3+ 39. Rxe3 Qb2+ 40. Kf3
Rxe3+ 41. Rxe3 Rxe3+ 42. Kxe3 Qxh2 43. Qd8+ Kh7 44. gxh4 Qg3+ 45. Ke4 Qe1+ 46.
Kf3 Qc3+ 47. Kg4 Qc4 48. h5 Qe2+ 49. Kh4 f5 50. Kg3 Qg4+ 51. Kf2 Qxf4+ 52. Kg2
Qe4+ 53. Kf2 f4 54. h6 Qe3+ 55. Kg2 f3+ 56. Kh2 f2 57. hxg7 Qf4+ 0-1

[Event "C.to Provinciale CS"]
[Site "Aieta ITA"]
[Date "2009.04.10"]
[Round "2"]
[White "Stoduto, Francesco"]
[Black "Paragliola, Gennaro"]
[Result "0-1"]
[WhiteElo "1536"]
[BlackElo "1635"]
[PlyCount "87"]
[EventDate "2009.04.09"]

1. c4 Nf6 2. Nc3 e5 3. e4 Nc6 4. Nf3 Bc5 5. d3 Ng4 6. d4 exd4 7. Ne2 d3 8. Ned4
Nxd4 9. Nxd4 Nxf2 10. Kxf2 Bxd4+ 11. Be3 Qf6+ 12. Qf3 Qxf3+ 13. gxf3 Bxb2 14.
Rd1 d6 15. Rxd3 Be6 16. Rb3 Bf6 17. Rxb7 c5 18. Bd3 O-O 19. Rhb1 Be5 20. f4 Bc3
21. f5 Bc8 22. R7b3 Ba5 23. Bf4 Bc7 24. Be2 Re8 25. Bf3 Ba6 26. Rc1 Rab8 27.
Kg3 Bb7 28. Re3 a5 29. Rce1 f6 30. Rd1 Red8 31. Rb1 Ba6 32. Rxb8 Rxb8 33. Rc3
Rb4 34. Be2 Rb2 35. Kf3 Rxa2 36. Rc1 Rb2 37. Rd1 Rb6 38. Rd5 Kf7 39. Kf2 a4 40.
Rd1 Ke7 41. Rg1 Kf7 42. Bh5+ Kf8 43. Rd1 Bxc4 44. e5 0-1

[Event "C.to Provinciale CS"]
[Site "Aieta ITA"]
[Date "2009.04.10"]
[Round "2"]
[White "Vacchiano, Salvatore"]
[Black "Minucci, Veronica"]
[Result "1-0"]
[WhiteElo "1512"]
[BlackElo "1389"]
[PlyCount "31"]
[EventDate "2009.04.09"]

1. e4 e5 2. f4 f6 3. fxe5 fxe5 4. Qh5+ g6 5. Qxe5+ Kf7 6. Bc4+ d5 7. Bxd5+ Qxd5
8. Qxd5+ Ke7 9. d4 Nf6 10. Bg5 c6 11. Qe5+ Kf7 12. Qxf6+ Kg8 13. Ne2 Nd7 14.
Qe6+ Kg7 15. O-O Nc5 16. Qf7# 1-0

[Event "C.to Provinciale CS"]
[Site "Aieta ITA"]
[Date "2009.04.10"]
[Round "3"]
[White "Gad, Alessandro"]
[Black "Stoduto, Francesco"]
[Result "1-0"]
[WhiteElo "1608"]
[BlackElo "1536"]
[PlyCount "59"]
[EventDate "2009.04.09"]

1. c4 e6 2. g3 Nf6 3. Bg2 c6 4. Nf3 d6 5. O-O Be7 6. d4 O-O 7. Nc3 b6 8. d5 Bb7
9. dxe6 fxe6 10. Nd4 Kf7 11. f4 g6 12. Qb3 d5 13. Bh3 Bc8 14. Nf3 Bc5+ 15. Kh1
Re8 16. Ne5+ Kg7 17. f5 exf5 18. Bh6+ Kg8 19. Bf4 a6 20. Rad1 Be6 21. Bg2 Ne4
22. Nxe4 fxe4 23. Bxe4 Qc8 24. cxd5 Bf7 25. Nxf7 Rxe4 26. Nh6+ Kg7 27. Qc3+ Bd4
28. Rxd4 Nd7 29. Rxe4+ Nf6 30. Re7+ 1-0

[Event "C.to Provinciale CS"]
[Site "Aieta ITA"]
[Date "2009.04.10"]
[Round "3"]
[White "Ielapi, Vito"]
[Black "Gad, Ahmad"]
[Result "1-0"]
[WhiteElo "1911"]
[BlackElo "1944"]
[PlyCount "99"]
[EventDate "2009.04.09"]

1. d4 e6 2. Nf3 c5 3. e3 Nf6 4. Bd3 b6 5. O-O Bb7 6. Nbd2 Be7 7. Re1 O-O 8. e4
cxd4 9. Nxd4 d6 10. Nf1 Nbd7 11. Ng3 a6 12. c3 Qc7 13. Nh5 Rfe8 14. Bg5 Qc5 15.
Nxf6+ Nxf6 16. Be3 Qc7 17. f3 d5 18. Bf2 dxe4 19. fxe4 Bd6 20. g3 h5 21. Qe2
Ng4 22. Nf3 Nxf2 23. Kxf2 f6 24. Nd4 h4 25. Qg4 hxg3+ 26. hxg3 Qc5 27. Re3 f5
28. exf5 exf5 29. Nxf5 Be5 30. Rae1 b5 31. Kf1 Qd5 32. Be4 Qc4+ 33. Kg2 Bxe4+
34. Rxe4 Qc6 35. Kh3 Bf6 36. Nd4 Bxd4 37. Rxe8+ Rxe8 38. Rxe8+ Qxe8 39. Qxd4
Qe6+ 40. Kh4 Qxa2 41. b4 Qh2+ 42. Kg4 Qe2+ 43. Kg5 Qe6 44. Qd8+ Kh7 45. Qc7
Qg6+ 46. Kf4 Qf6+ 47. Ke4 Qe6+ 48. Kd4 Kg6 49. Kc5 Kf5 50. Qf4+ 1-0

[Event "C.to Provinciale CS"]
[Site "Aieta ITA"]
[Date "2009.04.10"]
[Round "3"]
[White "Minucci, Veronica"]
[Black "Alagia, Pietro"]
[Result "0-1"]
[WhiteElo "1389"]
[BlackElo "1631"]
[PlyCount "60"]
[EventDate "2009.04.09"]

1. e4 e5 2. Nf3 d6 3. Be2 Nf6 4. d3 Nc6 5. h3 Be7 6. O-O Nh5 7. d4 Nf4 8. Bxf4
exf4 9. d5 Ne5 10. Nxe5 dxe5 11. Bb5+ Bd7 12. Nc3 O-O 13. Qe2 Qe8 14. a4 a6 15.
Bxd7 Qxd7 16. Qh5 f5 17. Rae1 Bd6 18. f3 b6 19. g4 fxg3 20. Re2 f4 21. Qg4 Qxg4
22. hxg4 Rf6 23. Rg2 Raf8 24. Nd1 Rh6 25. Re1 Rh3 26. Kf1 Rf6 27. Ke2 Rfh6 28.
Reg1 Bc5 29. Kf1 Bxg1 30. Kxg1 Rh1# 0-1

[Event "C.to Provinciale CS"]
[Site "Aieta ITA"]
[Date "2009.04.10"]
[Round "3"]
[White "Paragliola, Gennaro"]
[Black "Rizzuti, Pasquale"]
[Result "0-1"]
[WhiteElo "1635"]
[BlackElo "1814"]
[PlyCount "98"]
[EventDate "2009.04.09"]

1. d4 Nf6 2. c4 d5 3. Nc3 c6 4. cxd5 Nxd5 5. Nxd5 Qxd5 6. Nf3 Bg4 7. h3 Bxf3 8.
exf3 e6 9. a3 Be7 10. Be3 O-O 11. Qc2 Nd7 12. Bd3 Nf6 13. O-O Rfd8 14. Rfd1 Rd7
15. b4 a5 16. Bc4 Qh5 17. bxa5 Qxa5 18. Bd2 Qa7 19. Be3 Nd5 20. Bd3 g6 21. a4
Nb4 22. Qb3 Nxd3 23. Rxd3 b5 24. a5 Qa6 25. Qc3 b4 26. Qb3 c5 27. Rdd1 c4 28.
Qc2 Bd8 29. Qa4 Rb7 30. Qe8+ Kg7 31. d5 Bf6 32. Qa4 Bxa1 33. Rxa1 exd5 34. Bd4+
f6 35. Qd1 Rb5 36. Qe1 Kf7 37. Qd2 Rxa5 38. Rxa5 Qxa5 39. Qf4 Qd8 40. Qh6 Kg8
41. Qf4 Kg7 42. g4 c3 43. g5 Ra6 44. gxf6+ Rxf6 45. Qg5 c2 46. Bxf6+ Qxf6 47.
Qe3 h5 48. Qa7+ Kh6 49. Qe3+ Qg5+ 0-1

[Event "C.to Provinciale CS"]
[Site "Aieta ITA"]
[Date "2009.04.10"]
[Round "3"]
[White "Rametta, Marcello"]
[Black "Vacchiano, Salvatore"]
[Result "1-0"]
[WhiteElo "1738"]
[BlackElo "1512"]
[PlyCount "83"]
[EventDate "2009.04.09"]

1. e4 d6 2. d4 Nf6 3. Nc3 g6 4. Bg5 Bg7 5. h3 O-O 6. Qd2 Re8 7. O-O-O c6 8. f4
b5 9. Nf3 b4 10. Ne2 Nxe4 11. Qe3 d5 12. Bh4 a5 13. Ng3 Nxg3 14. Bxg3 Nd7 15.
Ne5 Qb6 16. Bd3 Nf6 17. Bf2 Ba6 18. g4 Bxd3 19. cxd3 Qc7 20. f5 e6 21. fxg6
fxg6 22. Bg3 Qc8 23. Kb1 Nd7 24. Rc1 Nxe5 25. dxe5 Qc7 26. d4 Qb6 27. h4 b3 28.
a3 Rac8 29. h5 Re7 30. hxg6 Rec7 31. gxh7+ Kh8 32. Bf2 Rf7 33. g5 Rcf8 34. Rh2
Rf3 35. Qd2 Bxe5 36. Rg2 Bf4 37. Qe2 Bd6 38. Qxe6 Bf4 39. g6 Bh6 40. g7+ Bxg7
41. Rxg7 Qd8 42. Rcg1 1-0

[Event "C.to Provinciale CS"]
[Site "Aieta ITA"]
[Date "2009.04.11"]
[Round "4"]
[White "Alagia, Pietro"]
[Black "Paragliola, Gennaro"]
[Result "1-0"]
[WhiteElo "1631"]
[BlackElo "1635"]
[PlyCount "121"]
[EventDate "2009.04.09"]

1. d4 Nf6 2. c3 d5 3. g3 g6 4. Bg2 Bg7 5. Nd2 O-O 6. e4 dxe4 7. Nxe4 Nc6 8.
Nxf6+ Bxf6 9. Bxc6 bxc6 10. Ne2 Bg4 11. h3 Qd5 12. Rh2 Bf3 13. Bf4 e5 14. Be3
exd4 15. cxd4 Rfe8 16. Kf1 Bg5 17. Qd2 Bxe3 18. fxe3 Qe4 19. Kf2 Re7 20. Nc3
Qf5 21. Kg1 Qg5 22. Kf2 Qf5 23. Kg1 Bd5 24. Rf1 Qe6 25. Re1 Rae8 26. b3 Qf6 27.
Rf2 Qg5 28. Nxd5 cxd5 29. Rf3 Qh5 30. Qg2 Qh6 31. Kf2 f5 32. Rf4 c6 33. g4 Rxe3
34. g5 Rxe1 35. gxh6 R1e2+ 36. Kf1 Rxg2 37. Kxg2 Re2+ 38. Rf2 Re6 39. Kf3 g5
40. Rg2 Rxh6 41. Rxg5+ Kh8 42. Kg3 Rg6 43. Kf4 Rh6 44. Kg3 Rf6 45. Kf4 h6 46.
Rxf5 Kg7 47. Ke5 Rxf5+ 48. Kxf5 Kf7 49. h4 a6 50. b4 Ke7 51. Kg6 Ke6 52. Kxh6
Kf5 53. h5 Kf6 54. a4 Kf7 55. Kh7 Kf6 56. Kg8 Kg5 57. Kf7 Kxh5 58. Ke6 Kg5 59.
Kd6 Kf4 60. Kxc6 Ke4 61. Kc5 1-0

[Event "C.to Provinciale CS"]
[Site "Aieta ITA"]
[Date "2009.04.11"]
[Round "4"]
[White "Gad, Ahmad"]
[Black "Rizzuti, Pasquale"]
[Result "1-0"]
[WhiteElo "1944"]
[BlackElo "1814"]
[PlyCount "80"]
[EventDate "2009.04.09"]

1. e4 Nf6 2. e5 Nd5 3. d4 d6 4. c4 Nb6 5. f4 g6 6. Nf3 Bg7 7. Be2 Bg4 8. O-O
O-O 9. Nc3 e6 10. Be3 Nc6 11. Ne4 Bxf3 12. Rxf3 dxe5 13. fxe5 Nd7 14. Bg5 f6
15. Bh4 Ncxe5 16. dxe5 Nxe5 17. Rb3 Qc8 18. Qc2 f5 19. Nc5 b6 20. Nd3 Nc6 21.
Bf2 e5 22. g3 Kh8 23. Nb4 Na5 24. Rd3 c6 25. c5 b5 26. Rd6 Qe8 27. Rad1 e4 28.
Bd4 Rf7 29. Bxg7+ Rxg7 30. Qc3 Kg8 31. Nd5 cxd5 32. Qxa5 h5 33. R1xd5 Kh7 34.
Qxb5 Qxb5 35. Bxb5 Rb8 36. c6 a6 37. Bxa6 g5 38. Rd7 f4 39. Rxg7+ Kxg7 40. c7
Kh6 1-0

[Event "C.to Provinciale CS"]
[Site "Aieta ITA"]
[Date "2009.04.11"]
[Round "4"]
[White "Stoduto, Francesco"]
[Black "Minucci, Veronica"]
[Result "1-0"]
[WhiteElo "1536"]
[BlackElo "1389"]
[PlyCount "59"]
[EventDate "2009.04.09"]

1. e4 e5 2. Nf3 Nc6 3. Bc4 Nf6 4. d3 h6 5. O-O d5 6. Bb3 d4 7. h3 Be6 8. Ba4
Qd6 9. Bxc6+ Qxc6 10. Nxe5 Qd6 11. Nf3 O-O-O 12. c3 dxc3 13. Qa4 a6 14. Nxc3
Bd7 15. Qc2 Nh5 16. Ne2 Qg6 17. Bf4 c6 18. Ne5 Qe6 19. Qc4 Qd6 20. Nxf7 Qg6 21.
Nxh8 Qf6 22. Nf7 Qg6 23. Ne5 Qe8 24. Qc1 Bd6 25. Nf7 Qxf7 26. Bxd6 Qg6 27. Bg3
Be6 28. Nf4 Nxf4 29. Qxf4 Rd7 30. Qb8# 1-0

[Event "C.to Provinciale CS"]
[Site "Aieta ITA"]
[Date "2009.04.11"]
[Round "5"]
[White "Alagia, Pietro"]
[Black "Gad, Ahmad"]
[Result "0-1"]
[WhiteElo "1631"]
[BlackElo "1944"]
[PlyCount "70"]
[EventDate "2009.04.09"]

1. d4 f5 2. c3 Nf6 3. g3 g6 4. Bg2 Bg7 5. Bf4 O-O 6. Nf3 d6 7. Qb3+ e6 8. O-O
Nc6 9. Rd1 Qe7 10. Nbd2 h6 11. Nc4 g5 12. Bc1 Kh8 13. h3 Rb8 14. Nxg5 hxg5 15.
Bxc6 Nd5 16. Bxd5 exd5 17. Ne3 c6 18. Re1 f4 19. Ng2 Bxh3 20. gxf4 gxf4 21. c4
Bxg2 22. Kxg2 f3+ 23. Kg3 Be5+ 24. dxe5 Qxe5+ 25. Kh4 Qh2+ 26. Kg4 Qg2+ 27. Kh5
Rg8 28. Qc3+ Rg7 29. Qd4 Qh3+ 30. Qh4 Rh7+ 31. Bh6 Rxh6+ 32. Kxh6 Qxh4+ 33. Kg6
Rg8+ 34. Kf7 Qf4+ 35. Ke6 Qe5+ 0-1

[Event "C.to Provinciale CS"]
[Site "Aieta ITA"]
[Date "2009.04.11"]
[Round "5"]
[White "Ielapi, Vito"]
[Black "Gad, Alessandro"]
[Result "1-0"]
[WhiteElo "1911"]
[BlackElo "1608"]
[PlyCount "59"]
[EventDate "2009.04.09"]

1. d4 f5 2. g3 Nf6 3. Bg2 g6 4. Bg5 Bg7 5. Nf3 d6 6. Qc1 c5 7. Bh6 O-O 8. Bxg7
Kxg7 9. Nc3 cxd4 10. Nxd4 e5 11. Nf3 Nc6 12. Qd2 Be6 13. h4 h6 14. a3 Rc8 15.
Nh2 d5 16. e3 Ne4 17. Nxe4 fxe4 18. O-O Qd7 19. Rad1 Rcd8 20. b3 Bh3 21. Qe2
Rf6 22. c4 Bxg2 23. Kxg2 Rd6 24. c5 Rf6 25. b4 g5 26. hxg5 hxg5 27. Qg4 Qf7 28.
b5 Ne7 29. Qxg5+ Ng6 30. Ng4 1-0

[Event "C.to Provinciale CS"]
[Site "Aieta ITA"]
[Date "2009.04.11"]
[Round "5"]
[White "Stoduto, Francesco"]
[Black "Vacchiano, Salvatore"]
[Result "0-1"]
[WhiteElo "1536"]
[BlackElo "1512"]
[PlyCount "62"]
[EventDate "2009.04.09"]

1. e4 e5 2. c4 Nf6 3. d3 Bc5 4. Nf3 d6 5. Bg5 h6 6. Bh4 Nc6 7. Nc3 g5 8. Bg3
Nh5 9. Be2 Nxg3 10. hxg3 Qf6 11. Nd5 Qd8 12. Nh2 Nd4 13. Bh5 c6 14. Nc3 Qf6 15.
Ne2 Ne6 16. f3 Nc7 17. a3 a5 18. b3 Be6 19. Bg4 O-O-O 20. Bxe6+ fxe6 21. Qd2 d5
22. b4 Ba7 23. b5 dxe4 24. Ng4 Qg7 25. Qxa5 Bc5 26. b6 Na6 27. Rd1 exd3 28. Nc1
e4 29. fxe4 Qd4 30. Kd2 Qxe4 31. Nb3 Qe2+ 0-1

[Event "Memorial Nicola Palladino A"]
[Site "Milano ITA"]
[Date "2009.04.10"]
[Round "1"]
[White "Angalone, Ruggero"]
[Black "Lavric, Mihail"]
[Result "1-0"]
[WhiteElo "1611"]
[BlackElo "1984"]
[PlyCount "103"]
[EventDate "2009.04.10"]

1. b3 Nf6 2. Bb2 d6 3. d3 Nbd7 4. g3 g6 5. Bg2 Bg7 6. Nd2 O-O 7. e3 c6 8. Ngf3
Nb6 9. O-O Bg4 10. h3 Bd7 11. Nc4 Qc8 12. Kh2 Qc7 13. a4 Rad8 14. a5 Nxc4 15.
dxc4 Bc8 16. Qe2 Nh5 17. Bxg7 Kxg7 18. Rfd1 f5 19. e4 fxe4 20. Qxe4 Bf5 21.
Qd4+ Nf6 22. Rd2 c5 23. Qc3 Kg8 24. Re1 Ne4 25. Rxe4 Bxe4 26. Ng5 Bf5 27. Bd5+
e6 28. Bxe6+ Bxe6 29. Nxe6 Qf7 30. Nxf8 Rxf8 31. Kg2 Qf5 32. Qd3 Qxd3 33. Rxd3
Rd8 34. f4 Kf7 35. Kf3 Ke6 36. Re3+ Kd7 37. c3 Rc8 38. Ke4 Kc6 39. b4 a6 40.
Kd3 Kd7 41. Re2 Rb8 42. b5 axb5 43. cxb5 Ra8 44. Ra2 d5 45. a6 Kc7 46. g4 Rf8
47. a7 Ra8 48. f5 b6 49. f6 Kb7 50. f7 Kc7 51. f8=Q Rxf8 52. a8=Q 1-0

[Event "Memorial Nicola Palladino A"]
[Site "Milano ITA"]
[Date "2009.04.10"]
[Round "1"]
[White "Astengo, Marcello"]
[Black "Gonella, Daniele"]
[Result "1-0"]
[WhiteElo "2114"]
[BlackElo "1764"]
[PlyCount "80"]
[EventDate "2009.04.10"]

1. d4 d5 2. c4 e6 3. Nc3 Nf6 4. Bg5 c6 5. e3 h6 6. Bxf6 Qxf6 7. Bd3 Bb4 8. Nge2
O-O 9. O-O Bxc3 10. bxc3 Nd7 11. f3 dxc4 12. Bxc4 Nb6 13. Bb3 e5 14. Qd3 Re8
15. Bc2 g6 16. e4 Be6 17. Bb3 Bxb3 18. axb3 Qe6 19. c4 exd4 20. Nxd4 Qd6 21.
Rfd1 Qe5 22. Qe3 Kh7 23. Ne2 Red8 24. f4 Qc7 25. Nd4 a6 26. f5 g5 27. e5 c5 28.
Nf3 Re8 29. f6 Rg8 30. Qe4+ Kh8 31. h4 g4 32. Nh2 g3 33. Ng4 Qc6 34. Qf4 Rxg4
35. Qxg4 Rg8 36. Qf4 Kh7 37. Rd6 Qc7 38. Rad1 a5 39. R1d3 Rg6 40. Rxg3 Nc8 1-0

[Event "Memorial Nicola Palladino A"]
[Site "Milano ITA"]
[Date "2009.04.10"]
[Round "1"]
[White "Attuati, Stefano"]
[Black "Barberi, Alessandro"]
[Result "0-1"]
[WhiteElo "1772"]
[BlackElo "2120"]
[PlyCount "56"]
[EventDate "2009.04.10"]

1. e4 g6 2. d4 Bg7 3. Nf3 d6 4. c3 Nd7 5. Bc4 e6 6. O-O Ne7 7. Re1 h6 8. Nbd2
a6 9. a4 b6 10. d5 e5 11. Nf1 O-O 12. Ne3 f5 13. exf5 gxf5 14. h3 Nf6 15. Nh2
Ng6 16. Bd3 e4 17. Bc2 Qe8 18. g4 Nf4 19. h4 Qg6 20. f3 Bd7 21. Rf1 fxg4 22.
fxg4 N6h5 23. Bd2 Ng3 24. Re1 Nh3+ 25. Kg2 Nf2 26. Qc1 Nxg4 27. Nhxg4 Bxg4 28.
Kh2 Be5 0-1

[Event "Memorial Nicola Palladino A"]
[Site "Milano ITA"]
[Date "2009.04.10"]
[Round "1"]
[White "Bertazzoli, Giulio"]
[Black "Astengo, Corrado"]
[Result "0-1"]
[WhiteElo "1849"]
[BlackElo "2208"]
[PlyCount "74"]
[EventDate "2009.04.10"]

1. d4 d5 2. c4 e6 3. Nc3 c6 4. e3 Nf6 5. Nf3 Nbd7 6. Bd3 dxc4 7. Bxc4 b5 8. Bd3
a6 9. O-O c5 10. b3 Bb7 11. Bb2 Be7 12. Be2 Qb6 13. Rc1 O-O 14. Qc2 Rac8 15.
Qb1 Rfd8 16. Rfd1 Qa7 17. dxc5 Bxc5 18. h3 b4 19. Na4 Bxe3 20. Bd4 Rxc1 21.
Qxc1 Bxd4 22. Nxd4 Qa8 23. Bf3 Bxf3 24. Nxf3 Nd5 25. Qg5 h6 26. Qg3 Rc8 27. Nd4
Qb8 28. Qd3 Qb7 29. Qg3 N7f6 30. Qd6 Ne4 31. Qe5 Nec3 32. Nxc3 Nxc3 33. Nxe6
fxe6 34. Qxe6+ Kh8 35. Rd7 Qe4 36. Qxa6 Ne2+ 37. Kh2 Qf4+ 0-1

[Event "Memorial Nicola Palladino A"]
[Site "Milano ITA"]
[Date "2009.04.10"]
[Round "1"]
[White "Bove, Alessandro"]
[Black "Vittadini, Attilio"]
[Result "1-0"]
[WhiteElo "2297"]
[BlackElo "1865"]
[PlyCount "73"]
[EventDate "2009.04.10"]

1. e4 c5 2. Nf3 Nc6 3. d4 cxd4 4. Nxd4 g6 5. c4 Bg7 6. Nc2 Nf6 7. Nc3 d6 8. Be2
Bd7 9. O-O O-O 10. Bg5 Rc8 11. Rc1 Ne5 12. Ne3 Bc6 13. Bxf6 Bxf6 14. b4 b6 15.
Ncd5 Bg7 16. f4 Nd7 17. Bf3 Nf6 18. Qe2 Bxd5 19. exd5 a5 20. a3 axb4 21. axb4
Qc7 22. Qd3 Nd7 23. Bg4 Ra8 24. Bxd7 Qxd7 25. Rce1 Ra4 26. b5 Rfa8 27. f5 Qc7
28. Qe4 Be5 29. Qh4 R8a5 30. fxg6 hxg6 31. Ng4 f6 32. Qh6 Qxc4 33. Qxg6+ Kf8
34. Nh6 Qxd5 35. Rc1 Ra8 36. Qh7 Ra2 37. Qh8+ 1-0

[Event "Memorial Nicola Palladino A"]
[Site "Milano ITA"]
[Date "2009.04.10"]
[Round "1"]
[White "Bozzali, Ermanno"]
[Black "Margstahler, Francesco"]
[Result "1/2-1/2"]
[WhiteElo "2126"]
[BlackElo "1791"]
[PlyCount "105"]
[EventDate "2009.04.10"]

1. d4 d5 2. Nf3 Nf6 3. c4 c6 4. Nc3 dxc4 5. a4 Bf5 6. e3 e6 7. Bxc4 Bb4 8. O-O
O-O 9. Qb3 Qe7 10. Nh4 Bg6 11. Nxg6 hxg6 12. e4 a5 13. Bg5 Qc7 14. Rfe1 Nbd7
15. Rac1 Qb6 16. Rcd1 e5 17. dxe5 Nxe5 18. Be3 Qc7 19. h3 Nxc4 20. Qxc4 Bxc3
21. bxc3 Rfe8 22. Bc5 Rad8 23. f3 Nh5 24. Qb3 Qg3 25. Bf2 Qg5 26. Be3 Qe7 27.
Bb6 Rxd1 28. Rxd1 Qg5 29. Qc2 Nf4 30. Kh2 Nh5 31. Qf2 Qe5+ 32. g3 Qxc3 33. Rd7
Qc4 34. Rxb7 Qxa4 35. Qb2 Re5 36. Bd4 Rb5 37. Rb8+ Kh7 38. Rxb5 Qxb5 39. Qa2
Kg8 40. e5 Qd3 41. Qf2 a4 42. f4 Nxg3 43. Qxg3 Qxd4 44. e6 Qb2+ 45. Kg1 Qb1+
46. Kf2 fxe6 47. Qg5 Qd3 48. Qe7 Qf5 49. Kg3 Qd3+ 50. Kg4 Qe2+ 51. Kg3 Qe3+ 52.
Kg4 a3 53. Qd8+ 1/2-1/2

[Event "Memorial Nicola Palladino A"]
[Site "Milano ITA"]
[Date "2009.04.10"]
[Round "1"]
[White "Cazzaniga, Walter"]
[Black "Carbone, Lorenzo"]
[Result "1-0"]
[WhiteElo "2192"]
[BlackElo "1833"]
[PlyCount "61"]
[EventDate "2009.04.10"]

1. d4 d5 2. c4 e6 3. Nc3 Nf6 4. Bg5 Be7 5. e3 O-O 6. Nf3 Nbd7 7. cxd5 exd5 8.
Qc2 c5 9. Be2 b6 10. O-O Bb7 11. Rad1 Rc8 12. Qf5 c4 13. Ne5 Re8 14. f4 a6 15.
Bf3 Nf8 16. Bxf6 Bxf6 17. Ng4 Ng6 18. Bxd5 Bxd5 19. Nxd5 Rc6 20. Ngxf6+ gxf6
21. Rf3 Rd6 22. e4 Rde6 23. Rh3 Kh8 24. Re1 b5 25. Ree3 Rg8 26. Qh5 Nf8 27. f5
Rxe4 28. Rxe4 Qxd5 29. Rg4 c3 30. Rxg8+ Kxg8 31. Qg4+ 1-0

[Event "Memorial Nicola Palladino A"]
[Site "Milano ITA"]
[Date "2009.04.10"]
[Round "1"]
[White "Cervini, Gian Piero"]
[Black "Salmoiraghi, Angelo"]
[Result "0-1"]
[WhiteElo "1792"]
[BlackElo "2136"]
[PlyCount "68"]
[EventDate "2009.04.10"]

1. e4 g6 2. d4 Bg7 3. Nc3 d5 4. e5 h5 5. Bd3 Nh6 6. Bxh6 Bxh6 7. h3 Bg7 8. f4
Nc6 9. Nf3 Nb4 10. Nh4 Nxd3+ 11. Qxd3 e6 12. Nf3 a5 13. O-O-O h4 14. Ng5 Bd7
15. g3 hxg3 16. Qxg3 Qe7 17. h4 Rh5 18. Qd3 O-O-O 19. Nb5 Rdh8 20. Nf3 Bh6 21.
Qb3 Bxf4+ 22. Kb1 Qb4 23. a4 Qxb3 24. cxb3 Bxb5 25. axb5 g5 26. Rhf1 gxh4 27.
Ng1 Rf5 28. Nh3 Bg3 29. Rxf5 exf5 30. Rf1 f4 31. Nxf4 Bxf4 32. Rxf4 h3 33. Rf1
h2 34. Rh1 Kd7 0-1

[Event "Memorial Nicola Palladino A"]
[Site "Milano ITA"]
[Date "2009.04.10"]
[Round "1"]
[White "Colombo, Abner"]
[Black "Guzzetti, Luigi Enrico"]
[Result "0-1"]
[WhiteElo "1260"]
[BlackElo "1891"]
[PlyCount "60"]
[EventDate "2009.04.10"]

1. e4 c5 2. d4 cxd4 3. c3 d3 4. Bxd3 e6 5. Nf3 Nc6 6. O-O d6 7. e5 Nxe5 8. Bb5+
Bd7 9. Nxe5 Bxb5 10. c4 dxe5 11. cxb5 Qxd1 12. Rxd1 Nf6 13. Be3 Nd5 14. Bd2 Bc5
15. Nc3 O-O 16. Ne4 Be7 17. Rac1 Rac8 18. Nc3 Rfd8 19. Nxd5 exd5 20. Ra1 Rc2
21. f4 f6 22. fxe5 fxe5 23. Kh1 d4 24. Be1 e4 25. a3 e3 26. Bb4 Bxb4 27. axb4
d3 28. Rxa7 e2 29. Rda1 d2 30. h4 d1=Q+ 0-1

[Event "Memorial Nicola Palladino A"]
[Site "Milano ITA"]
[Date "2009.04.10"]
[Round "1"]
[White "Fantina, Carla"]
[Black "Mina, N. Mina"]
[Result "0-1"]
[WhiteElo "1798"]
[BlackElo "2177"]
[PlyCount "64"]
[EventDate "2009.04.10"]

1. c4 e5 2. Nc3 Nf6 3. g3 d5 4. cxd5 Nxd5 5. Bg2 Be6 6. Nf3 Nc6 7. O-O Be7 8.
d3 O-O 9. Nxd5 Bxd5 10. e4 Be6 11. a3 a5 12. Be3 Qd7 13. Ng5 Bxg5 14. Bxg5 f6
15. Be3 Rad8 16. f4 Qxd3 17. Qxd3 Rxd3 18. Bc5 Rfd8 19. f5 Bb3 20. Rfe1 Rd2 21.
Bf1 Rxb2 22. Rab1 Rxb1 23. Rxb1 a4 24. Kg2 Rd2+ 25. Kh3 Nd4 26. Bg2 b6 27. Bb4
Rd1 28. Rb2 c5 29. Bd2 Nc2 30. Bc3 Rd3 31. Bxe5 fxe5 32. Rb1 Nxa3 0-1

[Event "Memorial Nicola Palladino A"]
[Site "Milano ITA"]
[Date "2009.04.10"]
[Round "1"]
[White "Giacometto, Mario"]
[Black "Mouflih, Caesar Faycal"]
[Result "0-1"]
[WhiteElo "1974"]
[BlackElo "1600"]
[PlyCount "70"]
[EventDate "2009.04.10"]

1. e4 e5 2. d4 exd4 3. c3 dxc3 4. Bc4 Nc6 5. Nxc3 Bb4 6. Nf3 Qe7 7. O-O Bxc3 8.
bxc3 d6 9. e5 dxe5 10. Ng5 Nh6 11. Kh1 O-O 12. f4 Kh8 13. a4 Bg4 14. Qc2 Bf5
15. Qa2 exf4 16. Bxf4 Rae8 17. Bd2 Bg6 18. Bd5 Ng4 19. h3 Nge5 20. Rae1 Qd7 21.
Bf4 h6 22. Ne4 Nd3 23. Bxh6 Bxe4 24. Rxe4 Rxe4 25. Bxg7+ Kxg7 26. Bxe4 Nde5 27.
Qf2 Qd6 28. Qg3+ Ng6 29. Qf2 Nce5 30. Bxb7 Qb6 31. Qf5 Qxb7 32. Qf6+ Kg8 33. h4
Qc6 34. Qg5 Qc4 35. Qc1 Qxh4+ 0-1

[Event "Memorial Nicola Palladino A"]
[Site "Milano ITA"]
[Date "2009.04.10"]
[Round "1"]
[White "Gongalov, Bojan"]
[Black "Poletto, Daniele"]
[Result "1-0"]
[WhiteElo "2137"]
[BlackElo "1796"]
[PlyCount "117"]
[EventDate "2009.04.10"]

1. d4 Nf6 2. c4 g6 3. Nc3 Bg7 4. g3 O-O 5. Nf3 d6 6. Bg2 c6 7. O-O Nbd7 8. Qc2
e5 9. Rd1 Qc7 10. h3 exd4 11. Nxd4 Nb6 12. Bf4 Nxc4 13. Ncb5 cxb5 14. Nxb5 Qc5
15. Nxd6 Be6 16. Rac1 Rad8 17. Nxc4 Rxd1+ 18. Qxd1 Bxc4 19. Bd6 Bxe2 20. Bxc5
Bxd1 21. Bxf8 Bxf8 22. Rxd1 b6 23. Rd8 Kg7 24. Ra8 a5 25. Ra7 Bc5 26. Bf3 h5
27. Kg2 Bd4 28. b3 Bc5 29. Be2 Ne4 30. Bc4 Nd6 31. Bd5 Kf6 32. f4 Bb4 33. Kf3
Bc5 34. g4 hxg4+ 35. hxg4 Kg7 36. Rc7 Bb4 37. g5 Bc5 38. Ke2 Ba3 39. Kd3 Bc5
40. a4 Bf2 41. Rd7 Bc5 42. Rd8 Kh7 43. Bc4 Kg7 44. Ke2 Ba3 45. Ke3 Bc5+ 46. Kf3
Ba3 47. Kg4 Bb4 48. Bd3 Bc5 49. f5 gxf5+ 50. Bxf5 Bb4 51. Bd3 Bc5 52. Kf4 Bb4
53. Ke5 Nb7 54. Ra8 Nd6 55. Bc4 Nxc4+ 56. bxc4 Bc3+ 57. Kf5 Bd4 58. Rd8 Bc3 59.
Rd6 1-0

[Event "Memorial Nicola Palladino A"]
[Site "Milano ITA"]
[Date "2009.04.10"]
[Round "1"]
[White "Magistroni, Imerio"]
[Black "Aglietti, Graziano"]
[Result "0-1"]
[WhiteElo "1649"]
[BlackElo "2020"]
[PlyCount "54"]
[EventDate "2009.04.10"]

1. d4 Nf6 2. c4 g6 3. Nc3 Bg7 4. e4 d6 5. Nge2 O-O 6. Ng3 c5 7. d5 Nbd7 8. Be2
a6 9. a4 b6 10. Be3 Ne5 11. h3 Qc7 12. Qd2 Ne8 13. Bh6 f5 14. Bxg7 Nxg7 15. f4
Nf7 16. O-O Nh6 17. Rae1 fxe4 18. Ncxe4 Nhf5 19. Nxf5 Nxf5 20. g4 Nd4 21. Bd3
Bb7 22. f5 gxf5 23. Qg5+ Kh8 24. Ng3 e6 25. dxe6 Qc6 26. Ne4 fxg4 27. Rxf8+
Rxf8 0-1